Verdadeiro ou Falso: Curiosidades #2 - Statistics

Estatísticas Gerais
  • Esse quiz foi jogado 91 vezes
    45 desde o último reset
  • A pontuação média é 10 de 16
Estatísticas das Respostas
Questão Resposta % Correto
A Lua está se afastando 3cm da Terra por ano. Verdadeiro
88%
Piratas já pisaram em terras brasileiras. Verdadeiro
88%
Comer mirtilos faz o cabelo crescer mais rápido Falso
85%
As vacas têm melhor amiga. Verdadeiro
85%
Tubarões, Tartarugas e Insetos viveram na mesma época que os Dinossauros. Verdadeiro
85%
o Café é orginário da Austrália. Falso
78%
A Torre Eiffel foi feita para ser temporária. Verdadeiro
73%
A Coreia do Sul possui a internet mais rápida do planeta. Verdadeiro
70%
O planeta mais distante do Sol é Plutão. Falso
63%
Peixes dormem. Verdadeiro
60%
A maior montanha do sistema solar está em Marte Verdadeiro
58%
Os Morcegos são cegos. Falso
55%
Existiu um templo de ouro perdido na República Democrática do Congo. Falso
35%
As aranhas têm sangue azul. Verdadeiro
35%
O Himalaia é a cordilheira mais antiga do mundo. Falso
30%
Em 1984, Uma cidade nos Estados Unidos ficou 1 mês sem eletricidade. Falso
13%
Nenhum quiz correspondente encontrado
Distribuição das Pontuações
Porcentagem de Pessoas com Cada Pontuação
Percentil de Números Respondidos
Sua Pontuação Histórica
Você não jogou esse quiz desde o último reset